00301nam a2200109Ia 4500008004100000041000800041082001600049100001800065245004500083260003900128300002400167240624s9999 xx 000 0 und d aeng a299.936 HUB aHUBBARD L RON aDIANETICS THE MODERN SCIENCE OF MENTAL H c2007aDenmarkbNew Era Publication a679 : p. : cm. ; 24